000 00814nmm a2200265 a 4500
003 AR-BaBNM
005 20251128210438.0
008 170020s1999 ||||||||||||||000 | spa||
040 _cAR-BaBNM
100 1 _aAlsina, Cayo Antonio
245 1 0 _aEl comandante
_bbrigadier general D. Cayo Alsina : actuación y anécdotas profesionales
260 _aBuenos Aires
_bEl autor
_c1999
300 0 _a245 p.
_bláms., il.
500 1 _aContiene dedicatoria a la directora de la BNM, Lic. Graciela Perrone
650 4 _aHISTORIA AEREA
650 4 _aHISTORIA DE LA FUERZA AEREA
650 4 _aHISTORIA MILITAR
650 4 _aAVIONES
650 4 _aAZULES Y COLORADOS
650 4 _aHISTORIA POLITICA
650 4 _aGUERRA DE MALVINAS
700 1 _aSimari, Alberto
_eprologuista
942 _cBK
998 _cMariana
999 _c15505
_d15505